000 01731nam a2200301Ia 4500
999 _c48835
_d48835
001 15737
003 GE_BSU
005 20230607143917.0
008 181216s2014||||ge |||||||||||||| ||geo||
020 _a9789941462030
040 _cGE_BSU
041 _ageo
080 _a004.056(075.8) უ-64
245 _aუსადენო ქსელების უსაფრთხოების მხარდამჭერი ავტომატიზებული სისტემის აგება :
_bსახელმძღვანელო /
_cო. შონია, ი. დიდმანიძე, ზ. ბერიძე, ი. ქართველიშვილი; ბათუმის შოთა რუსთაველის სახელმწ. უნ-ტი.
260 _bშოთა რუსთაველის უნიტის გამ-ბა
264 _aბათუმი:
_bბათუმის შოთა რუსთაველის სახელმწ. უნ-ტი,
_c2014.
300 _a153 გვ.;
_b ნახ. ;
_c19 სმ.
504 _aბიბლიოგრ. : გვ. 152.
541 _h4ლ.57თ.
653 _aმართვის ავტომატიზებული სისტემები
653 _aუსადენო ქსელების უსაფრთხოება.
700 _aშონია, ო.
_eავტორი
_918541
700 _aდიდმანიძე, ი.
_eავტორი
_9511
700 _aბერიძე, ზ.
_eავტორი
_918542
700 _aქართველიშვილი, ი.
_eავტორი
_91153
710 _aბსუ.
_918543
942 _cBK
_2udc